书目信息 |
| 题名: |
地基处理
|
|
| 作者: | 万文 , 贺建清 主编 | |
| 分册: | ||
| 出版信息: | 北京 机械工业出版社 2008.06 |
|
| 页数: | 249页 | |
| 开本: | 24cm | |
| 丛书名: | ||
| 单 册: | ||
| 中图分类: | TU472 | |
| 科图分类: | ||
| 主题词: | 地基处理--高等教育--教材 | |
| 电子资源: | ||
| ISBN: | 978-7-111-24112-6 | |
| 000 | 00899nam0 2200241 450 | |
| 001 | 1235039738 | |
| 005 | 20120408100443.51 | |
| 010 | @a978-7-111-24112-6@dCNY26.00 | |
| 100 | @a20080826d2008 y0chiy0110 ea | |
| 101 | 0 | @achi |
| 102 | @aCN@b110000 | |
| 105 | @ay z 000yy | |
| 200 | 1 | @a地基处理@9di ji chu li@f贺建清,万文主编 |
| 210 | @a北京@c机械工业出版社@d2008.06 | |
| 215 | @a249页@d24cm | |
| 300 | @a21世纪高等教育土木工程系列规划教材 | |
| 330 | @a本书对目前我国使用的各种地基处理方法的适用范围、加固机理、设计计算、施工工艺及质量检验方法等进行了阐述。内容包括:换填垫层法、预压法、强夯法和强夯置换法、挤密桩法、柱锤冲扩桩法、浆液固化法、加筋土技术,每种地基处理方法都编写了相应的工程实例。 | |
| 606 | 0 | @a地基处理@x高等教育@j教材 |
| 690 | @aTU472@v4 | |
| 701 | 0 | @a万文@9wan wen@4主编 |
| 701 | 0 | @a贺建清@9he jian qing@4主编 |
| 801 | 0 | @aCN@bSG02@c20080826 |
| 905 | @aZUCC@dTU472@eW045 | |
| 地基处理/贺建清,万文主编.-北京:机械工业出版社,2008.06 |
| 249页;24cm |
| 21世纪高等教育土木工程系列规划教材 |
| ISBN 978-7-111-24112-6:CNY26.00 |
| 本书对目前我国使用的各种地基处理方法的适用范围、加固机理、设计计算、施工工艺及质量检验方法等进行了阐述。内容包括:换填垫层法、预压法、强夯法和强夯置换法、挤密桩法、柱锤冲扩桩法、浆液固化法、加筋土技术,每种地基处理方法都编写了相应的工程实例。 |
| ● |
| 相关链接 |
|
|
|
正题名:地基处理
索取号:TU472/W045
 
预约/预借
| 序号 | 登录号 | 条形码 | 馆藏地/架位号 | 状态 | 备注 |
| 1 | 485893 | 204858939 | 土木与交通工程学院资料室/ [索取号:TU472/W045] | 在馆 |